Loading...
| History - European | 0 | 2 | 0 | 2 | 20 | 90 | 101.50 | 0 | 0 | 4.24 | 7.14 |
| History - World | 0 | 2 | 0 | 1 | 20 | 61 | 93.00 | 0 | 1 | 7.08 | 14.29 |
| Science - Chemistry | 0 | 1 | 0 | 0 | 10 | 127 | 127.00 | 0 | 0 | -0.11 | 6.49 |
| Fine Arts - Visual | 0 | 2 | 2 | 0 | 10 | 123 | 124.00 | 0 | 0 | 2.61 | 4.29 |
| Social Science | 0 | 1 | 1 | 1 | 5 | 127 | 127.00 | 0 | 0 | 0.00 | 1.43 |
| Geography/Current Events | 0 | 1 | 1 | 0 | 5 | 78 | 78.00 | 0 | 1 | 9.40 | 22.50 |
| Mythology | 0 | 0 | 0 | 0 | 0 | 0.00 | 0 | 0 | 0.00 | 0.00 | |
| Literature - European | 0 | 0 | 1 | 0 | -5 | 0.00 | 0 | 0 | 0.00 | 0.00 | |
| History - American | 0 | 0 | 1 | 0 | -5 | 0.00 | 0 | 0 | 0.00 | 0.00 | |
| Fine Arts - Classical Music | 0 | 0 | 1 | 0 | -5 | 0.00 | 0 | 0 | 0.00 | 0.00 | |
| Literature - World/Other | 0 | 0 | 1 | 0 | -5 | 0.00 | 0 | 0 | 0.00 | 0.00 | |
| Religion | 0 | 0 | 2 | 0 | -10 | 0.00 | 0 | 0 | 0.00 | 0.00 |